TV Opening Themes by Clip Quiz Stats

 Plays Quiz Updated Aug 11, 2016

Challenge
Share
Tweet
Score 0/110 Timer 20:00
4 Plays Today
Time Show % Correct
3:25-3:30Seinfeld
70.2%
0:53-0:59CSI: Crime Scene Investigation
69%
5:15-5:21The X-Files
68.1%
7:16-7:22American Idol
66.4%
6:47-6:53The Twilight Zone
63.6%
6:57-7:02Full House
61.8%
1:09-1:14Hawaii Five-O
61.4%
4:49-4:55Frasier
61.4%
3:45-3:52Saved By The Bell
60.9%
3:35-3:40Three's Company
59.7%
5:46-5:51Malcolm In The Middle
58.2%
4:19-4:24Married... With Children
57.7%
6:33-6:38Gilligan's Island
57.4%
2:37-2:41Bewitched
56.1%
5:30-5:35Home Improvement
54.2%
9:11-9:15M*A*S*H
54.1%
3:14-3:18Bonanza
52.1%
5:13-5:15The Beverly Hillbillies
50.5%
1:14-1:19The O.C.
50.1%
4:55-4:59The Golden Girls
47.1%
5:21-5:26I Love Lucy
46.3%
8:14-8:19Star Trek
45.2%
0:08-0:13The Munsters
44.8%
0:28-0:33Knight Rider
44.7%
8:54-9:00Diff'rent Strokes
44.5%
8:19-8:24The Monkees
44.4%
1:49-1:54Family Matters
44.3%
7:32-7:38Roseanne
44.2%
4:40-4:45Dallas
43.7%
2:51-2:58Get Smart
43.5%
7:46-7:52Lost
40.9%
6:53-6:57Will & Grace
40.8%
0:19-0:24Grey's Anatomy
40.6%
8:36-8:42Charlie's Angels
37.6%
5:07-5:13Sanford and Son
36.6%
2:41-2:46Dancing With The Stars
36.1%
7:38-7:42The Sopranos
36%
Time Show % Correct
5:26-5:30Growing Pains
36%
1:39-1:4530 Rock
34.4%
3:09-3:14The Dukes of Hazzard
34.3%
2:16-2:21True Blood
33.8%
8:03-8:09Smallville
33.2%
0:48-0:53Arrested Development
32.8%
3:22-3:25Mad About You
31.9%
0:39-0:44Mad Men
31%
6:42-6:47Weeds
30.3%
6:18-6:23Desperate Housewives
29.7%
4:34-4:40Clarissa Explains It All
29.5%
0:24-0:28Doogie Howser, M.D.
29.5%
5:35-5:40Magnum, P.I.
29.1%
2:32-2:37The Muppet Show
28.3%
8:24-8:30Murder, She Wrote
28.3%
1:28-1:34The Greatest American Hero
28.3%
9:00-9:06Little House on the Prairie
27.5%
7:57-8:03Welcome Back, Kotter
27.1%
7:07-7:12Parks and Recreation
25.6%
6:23-6:29Taxi
24.2%
1:19-1:24Psych
23.7%
6:38-6:42Firefly
22.3%
3:18-3:22It's Always Sunny In Philadelphia
21.7%
4:13-4:19Perry Mason
21.5%
8:30-8:36Hill Street Blues
21.3%
7:52-7:57Moonlighting
20.8%
1:04-1:09JAG
20.6%
3:03-3:09Melrose Place
20.1%
5:04-5:07Ally McBeal
19%
0:59-1:04Flight of the Conchords
18.4%
4:24-4:29Six Feet Under
18.3%
7:42-7:46Angel
18.3%
1:24-1:28Party of Five
17%
3:40-3:45Veronica Mars
17%
3:30-3:35Soap
16.9%
1:59-2:04Northern Exposure
16.6%
6:29-6:33L.A. Law
16.1%
Time Show % Correct
4:59-5:04Degrassi: The Next Generation
15%
2:26-2:32Alias
14.5%
4:45-4:49Police Squad!
14.3%
4:08-4:13Quantum Leap
14%
1:45-1:49ALF
13.9%
5:40-5:46The Colbert Report
12.6%
2:46-2:51Deadwood
12.2%
0:44-0:48Benson
11.4%
8:48-8:54Tales From The Crypt
10.3%
9:21-9:29Dollhouse
10.3%
5:51-5:57Friday Night Lights
10.2%
1:34-1:39CHiPS
9.4%
8:09-8:14Falcon Crest
8.8%
0:33-0:39The Man From U.N.C.L.E
8.6%
4:29-4:34Cagney & Lacey
8.1%
2:58-3:03NewsRadio
7.4%
8:42-8:48Punky Brewster
7.4%
3:52-3:57Chicago Hope
7.3%
4:02-4:08Top Chef
6%
7:02-7:07My So-Called Life
5.7%
3:57-4:02The Shield
5.6%
1:54-1:59The Practice
5.5%
0:13-0:19Eerie, Indiana
5.2%
7:22-7:28Dark Angel
5.2%
7:28-7:32Ed
4.6%
9:06-9:11Picket Fences
4.4%
0:00-0:08The 10th Kingdom
3.9%
6:14-6:18The 4400
3.8%
6:08-6:14Babylon 5
3.6%
2:21-2:26Boston Public
3.3%
9:15-9:21Homicide: Life on the Street
3.2%
2:11-2:16Wonderfalls
2.9%
6:02-6:08The Equalizer
2.8%
7:12-7:16Parker Lewis Can't Lose
2.7%
5:57-6:02Alien Nation
2%
2:04-2:11Street Hawk
1.8%

You're not logged in!

Compare scores with friends on all Sporcle quizzes.
Join for Free
OR
Log In

You Might Also Like...

Show Comments

Extras

Top Quizzes Today


Score Distribution

Your Account Isn't Verified!

In order to create a playlist on Sporcle, you need to verify the email address you used during registration. Go to your Sporcle Settings to finish the process.

Report this User

Report this user for behavior that violates our Community Guidelines.

Details: